| 000 | 01089nac a22002411u 4500 | ||
|---|---|---|---|
| 010 | _a 00020034 | ||
| 020 | _a0195138902 (cloth) | ||
| 082 | 0 | 0 |
_a621.31042 _bG9817 |
| 090 |
_c3825 _d3825 |
||
| 100 | _aGuru, Bhag S. | ||
| 245 | 1 | 0 |
_aElectric machinery and transformers / _cBhag S. Guru, HuÌ(seyin R. HizirogÌŒlu. |
| 250 | _a3rd. ed. | ||
| 260 |
_aNew York : _bOxford University Press,2001 _c2001. |
||
| 300 |
_axvii, 700 p. : _bill. ; _c24 cm. |
||
| 440 | 4 | _aThe Oxford series in electrical and computer engineering | |
| 504 | _aIncludes bibliographical references (p. 692) and index. | ||
| 650 | 0 | _aElectric machinery. | |
| 700 | 1 | _aHizirogÌŒlu, HuÌ(seyin R. | |
| 856 | 4 | 2 |
_3Publisher description _uhttp://www.loc.gov/catdir/enhancements/fy0609/00020034-d.html |
| 856 | 4 | 2 |
_3Table of contents only _uhttp://www.loc.gov/catdir/enhancements/fy0609/00020034-t.html |
| 942 |
_cBB _k621.31042G9817 |
||
| 999 |
_c3825 _d3825 |
||